000 00764nam a2200253 i 4500
003 DO-SdBNP
005 20240405091952.0
007 ta
008 240405b2023 dr a|||| |||| 00| 0 spa d
020 _a9789945922998
040 _aDO-SdBNP
_bspa
_cBNPHU
_erda
082 4 _222
100 1 _aSolares, Daniel,
_eautor
_985138
245 1 3 _aEl éxito empresarial a través de valores de alto impacto /
_cDaniel Solares
264 _aSanto Domingo :
_bPrintbarato,
_c2023.
300 _a60 páginas :
_bilustraciones,
_c2023.
336 _2rdacontent
_atexto
_btxt
337 _2rdamedia
_asin mediación
_bn
338 _2rdacarrier
_avolumen
_bnc
490 _aLiderazgo que Transforma
590 _aInventariado, 2024/BT
910 _aBtavárez
942 _2ddc
_cLBS1
999 _c56260
_d56260